000 00571nam a2200217Ia 4500
005 20241216010544.0
008 180423s9999||||xx |||||||||||||| ||und||
082 _a515
_bH411
100 _aHAASER, NORMAN B. Y OTROS
245 0 _aANALISIS MATEMATICO CURSO INTERMEDIO
250 _a5
260 _aMEXICO
_bTRILLAS
_c2003
300 _a786 pag
_c23 cm
341 _h0
490 _v2
_a0
505 _aALGEBRA/GEOMETRIA/FUNCIONES/UCESIONES/SERIES/INTEGRALES
541 _aD
_bCAREC
_d16-May-07
650 _aCIENCIAS PURAS
856 _zCC. Puras
942 _cLIBRO
999 _c17588
_d17588